Abel martín : canciónero de juan de mairena :

Guardado en:
Autor Principal: Machado, Antonio
Formato: Libro
Publicado: Buenos Aires : Losada, 1953
Edición:2a. ed.
Series:Biblioteca Contemporánea
Materias:
Etiquetas: Agregar Etiqueta
Sin Etiquetas, Sea el primero en etiquetar este registro!
LEADER 00615nam a22002175a 4500
001 CEM.cems004052
005 20060216000000.0
008 130507s1953##################000#0#####d
003 CEMS
082 0 4 |a 868.6 
100 1 |a Machado, Antonio 
245 1 0 |a Abel martín :  |b canciónero de juan de mairena : 
250 |a 2a. ed. 
260 |a Buenos Aires :  |b Losada,  |c 1953 
300 |a 156 p. 
490 0 |a Biblioteca Contemporánea 
653 |a Literatura 
653 |a Literatura española 
653 |a Miscelanea 
653 |a Poesia española-siglo 20 
859 |a CEMS  |b BIB. CEMS - 11 de abril  |h 868.6  |i M11a2  |p 4744.76  |t Ej.1